Solid State Electronic Devices (Record no. 589888)
[ view plain ]
| 000 -LEADER | |
|---|---|
| fixed length control field | 00432nam a22001577a 4500 |
| 020 ## - INTERNATIONAL STANDARD BOOK NUMBER | |
| International Standard Book Number | 9789332555082 |
| 040 ## - CATALOGING SOURCE | |
| Transcribing agency | NUST |
| 082 ## - DEWEY DECIMAL CLASSIFICATION NUMBER | |
| Classification number | 621.38152 STR |
| 100 ## - MAIN ENTRY--PERSONAL NAME | |
| Personal name | Streetman, Ben G. |
| 9 (RLIN) | 54948 |
| 110 ## - MAIN ENTRY--CORPORATE NAME | |
| Corporate name or jurisdiction name as entry element | Banerjee, Sanjay Kumar |
| 9 (RLIN) | 91737 |
| 245 ## - TITLE STATEMENT | |
| Title | Solid State Electronic Devices |
| 250 ## - EDITION STATEMENT | |
| Edition statement | 7th Edition |
| 260 ## - PUBLICATION, DISTRIBUTION, ETC. | |
| Place of publication, distribution, etc. | New Delhi: |
| Name of publisher, distributor, etc. | Pearson Education |
| Date of publication, distribution, etc. | 2016. |
| 650 ## - SUBJECT ADDED ENTRY--TOPICAL TERM | |
| Topical term or geographic name entry element | Solid state Electronic Devices |
| 9 (RLIN) | 91738 |
| 942 ## - ADDED ENTRY ELEMENTS (KOHA) | |
| Source of classification or shelving scheme | |
| Koha item type | Book |
| Withdrawn status | Lost status | Source of classification or shelving scheme | Damaged status | Not for loan | Permanent Location | Current Location | Shelving location | Date acquired | Total Checkouts | Full call number | Barcode | Date last seen | Price effective from | Koha item type |
|---|---|---|---|---|---|---|---|---|---|---|---|---|---|---|
| College of Electrical & Mechanical Engineering (CEME) | College of Electrical & Mechanical Engineering (CEME) | General Stacks | 05/23/2022 | 621.38152 STR | CEME-48064 | 05/23/2022 | 05/23/2022 | Book | ||||||
| College of Electrical & Mechanical Engineering (CEME) | College of Electrical & Mechanical Engineering (CEME) | General Stacks | 05/23/2022 | 621.38152 STR | CEME-48065 | 05/23/2022 | 05/23/2022 | Book | ||||||
| College of Electrical & Mechanical Engineering (CEME) | College of Electrical & Mechanical Engineering (CEME) | General Stacks | 05/23/2022 | 621.38152 STR | CEME-48066 | 05/23/2022 | 05/23/2022 | Book | ||||||
| College of Electrical & Mechanical Engineering (CEME) | College of Electrical & Mechanical Engineering (CEME) | General Stacks | 05/23/2022 | 621.38152 STR | CEME-48067 | 05/23/2022 | 05/23/2022 | Book | ||||||
| College of Electrical & Mechanical Engineering (CEME) | College of Electrical & Mechanical Engineering (CEME) | General Stacks | 05/23/2022 | 621.38152 STR | CEME-48068 | 05/23/2022 | 05/23/2022 | Book |
